| 000 | 00767cam a2200277Ia 4500 | ||
|---|---|---|---|
| 001 | 45647 | ||
| 005 | 20230410105405.0 | ||
| 008 | 950601s1993 mx b 000 0 spa d | ||
| 035 | _a(OCoLC)ocm32579916 | ||
| 040 |
_aPBR _cPBR |
||
| 020 | _a9683628028 | ||
| 020 | _a9789683628022 | ||
| 050 | 1 | 4 |
_aHB 501 _bL864c 1993 |
| 082 | 0 | 0 | _a330.122 |
| 100 | 1 | _aLópez Díaz, Pedro. | |
| 245 | 1 | 0 |
_aCapitalismo, teoría y crisis / _cPedro López Díaz. |
| 250 | _a1. ed. | ||
| 260 |
_aMéxico, D.F. : _bUniversidad Nacional Autónoma de México, _c1993. |
||
| 300 |
_a263 p. ; _c23 cm. |
||
| 490 | 0 | _aEconomía de los 90's | |
| 504 | _aIncludes bibliographical references. | ||
| 650 | 0 | _aCapitalism. | |
| 942 |
_2lcc _cbk |
||
| 994 |
_aC0 _bDRFGD |
||
| 946 | _aEdiaz | ||
| 999 |
_c35709 _d35709 |
||